Examination paper and markscheme pack : (Record no. 109743)
[ view plain ]
| 000 -LEADER | |
|---|---|
| fixed length control field | 00507nam a2200181 a 4500 |
| 005 - DATE AND TIME OF LATEST TRANSACTION | |
| control field | 20140414093848.0 |
| 008 - FIXED-LENGTH DATA ELEMENTS--GENERAL INFORMATION | |
| fixed length control field | 110408s19uu xx 00 eng d |
| 020 ## - INTERNATIONAL STANDARD BOOK NUMBER | |
| International Standard Book Number | 9781906345426 |
| 050 ## - LIBRARY OF CONGRESS CALL NUMBER | |
| Classification number | CDR 370.1 |
| Item number | EXA 2010 |
| 100 ## - MAIN ENTRY--PERSONAL NAME | |
| Personal name | International Baccalaureate Organization |
| 245 ## - TITLE STATEMENT | |
| Title | Examination paper and markscheme pack : |
| Remainder of title | November 2010 / |
| Statement of responsibility, etc | IBO. |
| 260 ## - PUBLICATION, DISTRIBUTION, ETC. (IMPRINT) | |
| Place of publication, distribution, etc | United Kingdom : |
| Name of publisher, distributor, etc | IBO, |
| Date of publication, distribution, etc | 2010. |
| 650 ## - SUBJECT ADDED ENTRY--TOPICAL TERM | |
| Topical term or geographic name as entry element | Exam paper |
| 650 ## - SUBJECT ADDED ENTRY--TOPICAL TERM | |
| Topical term or geographic name as entry element | markscheme |
| 942 ## - ADDED ENTRY ELEMENTS (KOHA) | |
| Koha item type | Audio Visual Materials |
| Withdrawn status | Lost status | Damaged status | Home library | Current library | Shelving location | Date acquired | Source of acquisition | Cost, normal purchase price | Total Checkouts | Full call number | Barcode | Date last seen | Date checked out | Price effective from | Koha item type |
|---|---|---|---|---|---|---|---|---|---|---|---|---|---|---|---|
| Luxembourg Library | Luxembourg Library | Audio Visual Material Section | 04/08/2011 | 109.00 | 1 | CDR 370.1 EXA 2010 | AV1412 | 11/27/2014 | 11/27/2014 | 04/14/2014 | Audio Visual Materials | ||||
| Luxembourg Library | Luxembourg Library | Audio Visual Material Section | 03/02/2013 | 109.00 | CDR 370.1 EXA 2010 | AV1513 | 04/14/2014 | 04/14/2014 | Audio Visual Materials |